Faculty of Law Library — Cairo University

Official Online Catalog

Principes de droit pénal des pays arabes (Record no. 73427)

MARC details
000 -LEADER
fixed length control field 00943nam a2200289 i 4500
003 - CONTROL NUMBER IDENTIFIER
control field EG-GICUC
005 - DATE AND TIME OF LATEST TRANSACTION
control field 20260426100928.0
008 - FIXED-LENGTH DATA ELEMENTS--GENERAL INFORMATION
fixed length control field 1972 b fr ||||fr|||| 00| 0 fre d
040 ## - CATALOGING SOURCE
Original cataloging agency EG-GiCUC
Language of cataloging fre
Transcribing agency EG-GiCUC
Modifying agency EG-GiCUC
Description conventions Rda
082 04 - DEWEY DECIMAL CLASSIFICATION NUMBER
Edition number 21
Classification number 343.5
Item number PD . M
092 04 - LOCALLY ASSIGNED DEWEY CALL NUMBER (OCLC)
Edition number 21
099 ## - LOCAL FREE-TEXT CALL NUMBER (OCLC)
Classification number LAW 1 10 343.5 PD . M 1972
100 1# - MAIN ENTRY--PERSONAL NAME
Personal name Mahmoud M. Mostafa
Fuller form of name Marc Ancel
Relator term Président
245 ## - TITLE STATEMENT
Title Principes de droit pénal des pays arabes
Statement of responsibility, etc. Mahmoud M. Mostafa
264 ## - PRODUCTION, PUBLICATION, DISTRIBUTION, MANUFACTURE, AND COPYRIGHT NOTICE
Place of production, publication, distribution, manufacture Paris :
Name of producer, publisher, distributor, manufacturer Principes de droit pénal des pays arabes,
Date of production, publication, distribution, manufacture, or copyright notice 1972.
300 ## - PHYSICAL DESCRIPTION
Extent page : 190
Other physical details illustration ;
Dimensions 24 cm.
336 ## - CONTENT TYPE
Source rda contenu
Content type term texte
337 ## - MEDIA TYPE
Source rda medias
Media type term Ordinateur
338 ## - CARRIER TYPE
Source transporteur rda
Carrier type term Ressource en ligne
546 ## - LANGUAGE NOTE
Language note Texte en français
650 1# - SUBJECT ADDED ENTRY--TOPICAL TERM
Source of heading or term qrmak
651 1# - SUBJECT ADDED ENTRY--GEOGRAPHIC NAME
Source of heading or term qrmak
700 1# - ADDED ENTRY--PERSONAL NAME
Personal name Mahmoud M. Mostafa
856 40 - ELECTRONIC LOCATION AND ACCESS
Uniform Resource Identifier <a href="https://fll.law.cu.edu.eg/fulltext/bks/لا10-10806.pdf">https://fll.law.cu.edu.eg/fulltext/bks/لا10-10806.pdf</a>
905 ## - Cataloger and Reviser Names
Cataloger Name: Eman Ismail
942 ## - ADDED ENTRY ELEMENTS (KOHA)
Source of classification or shelving scheme Dewey Decimal Classification
Koha item type Books
Edition 21
Suppress in OPAC No
Holdings
Withdrawn status Lost status Source of classification or shelving scheme Damaged status Not for loan Collection Home library Current library Date acquired Total checkouts Full call number Barcode Date last seen Copy number Price effective from Koha item type
    Dewey Decimal Classification   Not for loan القانون الجنائي جــــامعة القــاهرة جــــامعة القــاهرة 26.04.2026   LAW 1 10 343.5 PD . M 1972 1010806 C1 B10-10806 26.04.2026 1 26.04.2026 Books

© All rights reserved — Faculty of Law, Cairo University